| 000 | 00392 a2200145 4500 | ||
|---|---|---|---|
| 020 | _a9694163056 | ||
| 082 | _a923.2549 | ||
| 090 |
_c6184 _d6184 |
||
| 100 | _aAqeel,Moinuddin. | ||
| 245 |
_aResurgence of Muslim Separatism in British India. _cDr.Moinuddin Aqeel. |
||
| 260 |
_aPakistan. _bIqbal Academy. _c2001. |
||
| 300 | _a99p. | ||
| 500 | _aHard cover. | ||
| 942 |
_aNBS _cBK _k923.2549 AQE |
||
| 999 |
_c348559 _d348559 |
||